000 00580nab a2200217 a 4500
001 53366
003 123912
005 20201118102911.0
008 ||||||n9999 ||| || ||
041 _aspa
245 0 _aOrdenamiento territorial, reglamentacion
260 _aBogotá :
_bLegis,
_c1998.
300 _app.967-977
562 _e0
650 _aFORMULACION DE PLANES
650 _aLEGISLACIÓN
650 _aPLAN DE ORDENAMIENTO TERRITORIAL
650 _aPROCEDIMIENTO ADMINISTRATIVO
773 _052454
_aLegislación - Tomo 92 No.1096 (1998)
942 _cSART
999 _c53366
_d53366